书目信息 |
| 题名: |
龙族盛世·侏罗纪
|
|
| 作者: | 邢立达 , 韩雨江 主编 ;恐龙星际园 绘 | |
| 分册: | ||
| 出版信息: | 长春 吉林科学技术出版社 2015.5 |
|
| 页数: | 160页 | |
| 开本: | 30cm | |
| 丛书名: | ||
| 单 册: | ||
| 中图分类: | Q915.864 | |
| 科图分类: | ||
| 主题词: | 侏罗纪--恐龙--基本知识 | |
| 电子资源: | ||
| ISBN: | 978-7-5384-9011-4 | |
| 000 | 01095nam0 2200265 450 | |
| 001 | 0400004132 | |
| 005 | 20171023140835.0 | |
| 010 | @a978-7-5384-9011-4@b精装@dCNY88.00 | |
| 100 | @a20150920e20162015cemy0chiy50 ea | |
| 101 | 0 | @achi |
| 102 | @aCN@b220000 | |
| 105 | @aa z 000yy | |
| 106 | @ar | |
| 200 | 1 | @a龙族盛世·侏罗纪@9long zu sheng shi · zhu luo ji@dHeyday of dinosaurs@zeng@f邢立达,韩雨江主编@g恐龙星际园绘 |
| 210 | @a长春@c吉林科学技术出版社@d2015.5@h2016.3 | |
| 215 | @a160页@c图@d30cm | |
| 330 | @a本书共分为三章:第一章“早侏罗世的成王败寇”,这个时期恐龙崛起,蜥脚亚目、兽脚亚目等开始兴盛,第二章“执掌中侏罗世的分割权”,陆、海、空物种日益壮大,成为整个地球的优势生命体;第三章“风起云涌的晚侏罗世”,第一种鸟类出现、不同种类的恐龙一一登陆,昭示进化高峰。 | |
| 510 | 1 | @aHeyday of dinosaurs@zeng |
| 606 | 0 | @a侏罗纪@x恐龙@x基本知识 |
| 690 | @aQ915.864@v5 | |
| 701 | 0 | @a邢立达@9xing li da@4主编 |
| 701 | 0 | @a韩雨江@9han yu jiang@4主编 |
| 712 | 02 | @a恐龙星际园@9kong long xing ji yuan@4绘 |
| 801 | 0 | @aCN@b91MARC@c20171023 |
| 905 | @b1027931-5@dQ915.864@f5@e29 | |
| 龙族盛世·侏罗纪=Heyday of dinosaurs/邢立达,韩雨江主编/恐龙星际园绘.-长春:吉林科学技术出版社,2015.5(2016.3) |
| 160页:图;30cm |
| ISBN 978-7-5384-9011-4(精装):CNY88.00 |
| 本书共分为三章:第一章“早侏罗世的成王败寇”,这个时期恐龙崛起,蜥脚亚目、兽脚亚目等开始兴盛,第二章“执掌中侏罗世的分割权”,陆、海、空物种日益壮大,成为整个地球的优势生命体;第三章“风起云涌的晚侏罗世”,第一种鸟类出现、不同种类的恐龙一一登陆,昭示进化高峰。 |
| ● |
| 相关链接 |
|
|
|
|
正题名:龙族盛世·侏罗纪
索取号:Q915.864/29
 
预约/预借
| 序号 | 登录号 | 条形码 | 馆藏地/架位号 | 状态 | 备注 |
| 1 | 1027931 | 210279312 | 第二样本阅览室/ [索取号:Q915.864/29] | 在馆 | |
| 2 | 1027932 | 210279321 | 第三借阅区/ [索取号:Q915.864/29] | 在馆 | |
| 3 | 1027933 | 210279330 | 第三借阅区/ [索取号:Q915.864/29] | 在馆 | |
| 4 | 1027934 | 210279349 | 第三借阅区/ [索取号:Q915.864/29] | 在馆 | |
| 5 | 1027935 | 210279358 | 生命科学系资料室/ [索取号:Q915.864/29] | 在馆 |